Szczegóły MARC21

"Ektra '85" władze administracyjne województwa a transport /

003 -Nazwa inst., której nr kontr. jest w polu 001 [,]
    • @
    • Nazwa instytucji, której n kontrolny jest w polu 001
    • NUKAT
005 -DATA I CZAS OSTATNIEJ MODYFIKACJI [,]
    • @
    • pole kontrolne
    • 20241231110930.0
040 -Instytucja sporządzająca opis [ , ]
    • a
    • Instytucja, która sporządziła opis (NP)
    • POZN 004/KM
    • c
    • Instytucja, która sporządziła rekord (NP)
    • POZN 004/KMs
    • d
    • Instytucja, która zmodyfikowała rekord (P)
    • POZN 004/MKA
942 -Rodzaj dokumentu [ , ]
    • c
    • Rodzaj dokumentu
    • Książka
245 -Strefa tytułu i oznaczenia odpowiedzialności [0,0]
    • a
    • Tytuł
    • "Ektra '85" władze administracyjne województwa a transport / Find
    • c
    • Pozostałe elementy strefy tytułu i oznaczenia odpowiedzialności (NP)
    • Polskie Towarzystwo Ekonomiczne Stowarzyszenie Wyższej Użyteczności. Oddział Wojewódzki w Szczecinie, Instytut Ekonomiki Transportu Uniwersytetu Szczecińskiego.
260 -Strefa adresu wydawniczego [ , ]
    • a
    • Miejsce wydania (P)
    • Szczecin :
    • b
    • Nazwa wydawcy (P)
    • [s.n.],
    • c
    • Data wydania (P)
    • 1985.
300 -Strefa opisu fizycznego [ , ]
    • a
    • Określenie formy książki i/lub objętość (NP)
    • 235 s. :
    • b
    • Oznaczenie ilustracji (NP)
    • il. ;
    • c
    • Format (NP)
    • 20 cm.
336 -Typ zawartości [ , ]
    • a
    • Termin opisujący typ zawartości
    • Tekst
    • b
    • Kod określający zawartość
    • txt
    • 2
    • Źródło (terminu i kodu)
    • rdacontent
337 -Typ mediów [ , ]
    • a
    • Tryb odtwarzania
    • Bez urządzenia pośredniczącego
    • b
    • Kod typu mediów
    • n
    • 2
    • Źródło (terminu i kodu)
    • rdamedia
338 -Typ/rodzaj nośnika [ , ]
    • a
    • Hasło opisujące typ nośnika
    • Wolumin
    • b
    • Kod typu nośnika
    • nc
    • 2
    • Źródło (terminu i kodu)
    • rdacarrier
506 -Uwaga dot. ograniczeń w rozpowszechnianiu [ , ]
    • a
    • Warunki rozpowszechniania
    • Do użytku służbowego.
080 -Uniwersalna Klasyfikacja Dziesiętna [ , ]
    • a
    • Symbol klasyfikacji
    • 338.47
    • 9
    • UKD
    • 3252
    • 2
    • Identyfikator wydania tablic
    • UDC-P058
    • b
    • Dopowiedzenie
    • Gospodarcze aspekty komunikacji i łączności. Ekonomika łączności.
080 -Uniwersalna Klasyfikacja Dziesiętna [ , ]
    • a
    • Symbol klasyfikacji
    • :351.81
650 -Hasło przedmiotowe [ ,7]
    • a
    • Hasło przedmiotowe
    • Transport
    • z
    • Określnik geograficzny
    • Polska
    • y
    • Określnik chronologiczny
    • 1945-1990.
    • 2
    • Źródło terminu
    • kaba
    • 9
    • KHW
    • 617050
980 -Symbol UKD [ , ]
    • a
    • UKD
    • 338.47:351.81
710 -Hasło dodatkowe - nazwa ciała zbiorowego [2, ]
    • a
    • Nazwa ciała zbiorowego lub nazwa geograficzna jako pierwszy element (NP)
    • Uniwersytet Szczeciński.
    • b
    • Nazwa jednostki podrzędnej (P)
    • Instytut Ekonomiki Transportu.
    • 9
    • KHW
    • 696879
710 -Hasło dodatkowe - nazwa ciała zbiorowego [2, ]
    • a
    • Nazwa ciała zbiorowego lub nazwa geograficzna jako pierwszy element (NP)
    • Polskie Towarzystwo Ekonomiczne.
    • b
    • Nazwa jednostki podrzędnej (P)
    • Oddział Wojewódzki (Szczecin).
    • 9
    • KHW
    • 56813
Numer inwentarzowy Status udost. Data inwentaryzacji Lokalizacja
S.53207-32000-08-08BE
S.5320822000-08-08BE
S.5320922000-08-08BE
S.5321022000-08-08BE
S.5321122000-08-08BE
E.5567122000-08-08BE
S.5692922000-08-08BE
S.5690122000-08-08BE
E.54702-22000-08-08BE
T.3799-62000-12-19T
TS.56902-32000-08-08T
TS.53206-32000-08-08T